| 000 | 00359nam a22001457a 4500 | ||
|---|---|---|---|
| 999 |
_c9277 _d9277 |
||
| 003 | OSt | ||
| 008 | 201120b ||||| |||| 00| 0 eng d | ||
| 100 | _aPiaggio, H.T.H. | ||
| 245 | _aElementary Treatiseon Differention equations | ||
| 250 | _aRep. | ||
| 260 |
_aNew Delhi _bCBS _c2004 |
||
| 300 | _aXXVIII,256 | ||
| 650 | _aB.Sc Non Medical | ||
| 942 |
_2ddc _cBK |
||